home page   АИС "Историко-культурное наследие Беларуси"
  Базовый | Расширенный | Профессиональный | Словарь персоналий | Тематический словарь | По видам объектов История запросов  Заказы    Регистрация

Запись в MARC-формате

копировать MARC-запись

=LDR  00000nx\\c2200205\\\45\\
=001  BY-NLB-ar2786667
=005  20160330095630.7
=100  \\$a20080220abely50\\\\\\ca0
=152  \\$apsbo
=160  \\$ae-bw
=215  \\$aКасцёл святога Іаана Хрысціцеля (Камаі, вёска; Пастаўскі раён)
=300  1\$aПомнік абарончага культавага дойлідства, готыкі і рэнесанса. Пабудаваны ў 1603--1606 гг. Рэканструяваны ў 1861 г.
=356  \\$aЗнаходзіцца ў цэнтры вёскі Камаі Пастаўскага раёна Віцебскай вобласці.
=415  \\$aКамайскі касцёл, будынак
=515  \\$5w$3BY-NLB-ar2786729$aКостел святого Иоанна Крестителя (Камаи, деревня; Поставский район)
=801  \0$aBY$bBY-HM0000$c20080220
=810  \\$aКулагін, А.М. Каталіцкія храмы на Беларусі : энцыкл. давед. - Мн., 2000.
=810  \\$aРеспублика Беларусь : энциклопедия. Т. 3. - Мн., 2006.
=810  \\$aБеларуская энцыклапедыя. Т. 7. – Мн., 1998.
=999  \\$f2786$t20080220

Чтобы вернуться назад, щелкните кнопку BACK на Вашем браузере